ბათუმის შოთა რუსთაველის სახელმწიფო უნივერსიტეტის ბიბლიოთეკა

მათემატიკური ანალიზის კურსი: (ბიბ.ჩანაწერი № 36692)

000 -ლიდერი
ფიქსირებული სიგრძის საკონტროლო ველი 00851nam a2200205Ia 4500
001 - საკონტროლო ნომერი
საკონტროლო ველი 2621
003 - საკონტროლო ნომრის იდენტიფიკატორი
საკონტროლო ველი GE_BSU
005 - ბოლო ოპერაციის თარიღი და დრო
საკონტროლო ველი 20230829172422.0
008 - ფიქსირებული სიგრძის მონაცემთა ელემენტები - ზოგადი ინფორმაცია
ფიქსირებული სიგრძის საკონტროლო ველი 181216s1979||||ge |||||||||||||| ||geo||
040 ## - კატალოგიზაციის წყარო
Transcribing agency GE_BSU
041 ## - ენის კოდი
Language code of text/sound track or separate title geo
080 ## - უნივერსალური ათობითი კლასიფიკაციის ინდექსი
Universal Decimal Classification number 517.2(075.8) ჭ–34
100 ## - მთავარი ჩანაწერი - პიროვნების სახელი
Personal name ჭელიძე, ვლ.
9 (RLIN) 1641
245 ## - ცნობა სათაურის შესახებ
Title მათემატიკური ანალიზის კურსი:
Remainder of title [სახელმძღვანელო სტუდენტებისათვის]. ტ.1.
Statement of responsibility, etc ვლ. ჭელიძე, ე. წითლანაძე.
264 ## - წარმოების, გამოცემის, დისტრიბუციის და სხვა ცნობები
გამოცემის, წარმოების, დისტრიბუციის... ადგილი თბილისი :
გამოცემის, წარმოების, დისტრიბუციის... სახელწოდება თბილ. უნ-ტის გამ-ბა,
გამოცემის, წარმოების, დისტრიბუციის... თარიღი 1979.
300 ## - ფიზიკური აღწერა
Extent 638 გვ.;
Other physical details 20 სმ.
653 ## - INDEX TERM--UNCONTROLLED
Uncontrolled term მათემატიკა
700 ## - ADDED ENTRY--PERSONAL NAME
Personal name წითლანაძე, ე.
Relator term ავტორი
9 (RLIN) 19725
942 ## - ADDED ENTRY ELEMENTS (KOHA)
Koha item type წიგნი
Source of classification or shelving scheme
ეგზემპლარები
ჩამოწერის სტატუსი დაკარგული ეგზემპლარის სტატუსი კლასიფიკაციის წყარო ან თაროზე გაწყობის სქემა დაზიანების სტატუსი არ გაიცემა მუდმივი მდებარეობა (დაცვის ადგილი) ამჟამინდელი ადგილსამყოფელი თაროზე განთავსების ადგილი შეძენის თარიღი ღირებულება, შესყიდვის ნორმალური ფასი სრული შენახვის შიფრი შტრიხკოდი ბოლო ოპერაციის თარიღი ეგზემპლარის მიმდევრობითი ნომერი (კეტერი?) ფასის ძალაში შესვლის თარიღი ეგზემპლარის სახეობა საჯარო შენიშვნა
          ბათუმის შოთა რუსთაველის სახელმწიფო უნივერსიტეტის მთავარი ბიბლიოთეკა ბათუმის შოთა რუსთაველის სახელმწიფო უნივერსიტეტის მთავარი ბიბლიოთეკა წიგნსაცავი 2018-12-17 15.00 517.2(075.8) ჭ–34 3500 2018-12-17 3500 2018-12-17 წიგნი 15 ლ.